000 00505nam a22001937a 4500
005 20240118143319.0
010 _aENG-138945
020 _c165.00
_a9789354883620
035 _aEN-122477
037 _bDBAD/PUB
082 _a000
100 _aKrishi
_961069
245 _a CTET /
260 _a Delhi
_bPrabhat Exam
270 _a4/19, Asaf Ali Road, New Delhi-110002
300 _a140 p.
_c28 cm(pbk)
710 _aRoma Chatterjee
_eEditor
_959600
942 _2ddc
_cEN
_h000
_mKRI
999 _c200223
_d200223